000
00189 a2200097 4500
001
10076
100
_a
Brown, N
245
_a
Nuclear war
260
_a
_b
Pall Mall
_c
090
_c
7828
_d
7828
942
_a
NUST-CAE
_c
M
_c
34520
999
_c
245149
_d
245149